السلوك التنظيمي : (رقم التسجيلة. 42604)

تفاصيل مارك
000 -LEADER
fixed length control field 00699nam a22001937a 4500
005 - DATE AND TIME OF LATEST TRANSACTION
control field 20251108170525.0
008 - FIXED-LENGTH DATA ELEMENTS--GENERAL INFORMATION
fixed length control field 250721s2000 xx 000 0 ara d
082 14 - DEWEY DECIMAL CLASSIFICATION NUMBER
Classification number 658.402/قري
100 1# - MAIN ENTRY--PERSONAL NAME
Personal name القريوتي، محمد قاسم
245 10 - TITLE STATEMENT
Title السلوك التنظيمي :
Remainder of title دراسة السلوك الإنساني الفردي و الجماعي في المنظمات المختلفة /
250 ## - EDITION STATEMENT
Edition statement ط . ، مزيدة و منقحة
264 1# - PRODUCTION, PUBLICATION, DISTRIBUTION, MANUFACTURE, AND COPYRIGHT NOTICE
Place of production, publication, distribution, manufacture عمان :
Name of producer, publisher, distributor, manufacturer دار الشروق،
Date of production, publication, distribution, manufacture, or copyright notice 2000.
300 ## - PHYSICAL DESCRIPTION
Extent 421ص
650 17 - SUBJECT ADDED ENTRY--TOPICAL TERM
Topical term or geographic name as entry element إدارة الأعمال
650 17 - SUBJECT ADDED ENTRY--TOPICAL TERM
Topical term or geographic name as entry element السلوك التنظيمي
650 17 - SUBJECT ADDED ENTRY--TOPICAL TERM
Topical term or geographic name as entry element الإتصالات الإدارية
942 ## - ADDED ENTRY ELEMENTS (KOHA)
Source of classification or shelving scheme Dewey Decimal Classification
Koha item type كتب
المقتنيات
حالة السحب حالة الفقدان مصدر التصنيف حالة التلف غير قابل للإعارة المكتبة الرئيسية المكتبة الحالية موقع الرف تاريخ التزويد الرقم المتسلسل Total Checkouts رقم الإستدعاء تاريخ آخر ظهور تاريخ الفاتورة نوع المادة (كوها) الباركود
    Dewey Decimal Classification Unchecked   مكتبة أبو علندا العامة مكتبة أبو علندا العامة الإعارة 06/07/2004 409623   658.402/قري 28/07/2025 06/07/2004 كتب  
    Dewey Decimal Classification     مكتبة أم قصير والمقابلين العامة مكتبة أم قصير والمقابلين العامة الإعارة 06/07/2004 409622   658.402/قري 28/07/2025 06/07/2004 كتب 409622
    Dewey Decimal Classification     مكتبة أم قصير والمقابلين العامة مكتبة أم قصير والمقابلين العامة الإعارة 06/07/2004 579667   658.402/قري 28/07/2025 06/07/2004 كتب 579667
    Dewey Decimal Classification     مكتبة البراعم الواعدة مكتبة البراعم الواعدة الإعارة 26/10/2015 1474626   658.402/قري 28/07/2025 26/10/2015 كتب PLD00360023
    Dewey Decimal Classification Unchecked   مكتبة الجويدة مكتبة الجويدة الإعارة 06/07/2004 409618   658.402/قري 28/07/2025 06/07/2004 كتب  
    Dewey Decimal Classification     مكتبة الحسن العامة مكتبة الحسن العامة الإعارة 06/07/2004 409619   658.402/قري 28/07/2025 06/07/2004 كتب 409619
    Dewey Decimal Classification Unchecked   مكتبة النصر العامة مكتبة النصر العامة الإعارة 06/07/2004 409616   658.402/قري 28/07/2025 06/07/2004 كتب  
    Dewey Decimal Classification     مكتبة بدر الجديدة للأطفال مكتبة بدر الجديدة للأطفال الأطفال 11/11/2015 1618387   658.402/قري 28/07/2025 11/11/2015 كتب PLD00364113
    Dewey Decimal Classification Unchecked   مكتبة حمزة العامة مكتبة حمزة العامة الإعارة 06/07/2004 409630   658.402/قري 28/07/2025 06/07/2004 كتب  
    Dewey Decimal Classification Unchecked   مكتبة حمزة العامة مكتبة حمزة العامة الإعارة 06/07/2004 579664   658.402/قري 28/07/2025 06/07/2004 كتب  
    Dewey Decimal Classification     مكتبة صويلح العامة مكتبة صويلح العامة الإعارة 06/07/2004 409615   658.402/قري 28/07/2025 06/07/2004 كتب 409615
Implemented & Customized by: BBB with SCIT (Smart Chains for Information Technology)

Powered by Koha